zpět

Detail výsledku týmu

A-Sport, Hradec Králové

Datum a čas kvízu

22.5 Celkem bodů Celkový počet nahraných bodů na tomto kvízu bez doplňovacích otázek.
6. Pořadí na kvízu Konečné umístění týmu na tomto kvízu.

Zaznamenané odpovědi

# Otázka Odpověď Body Výsledky
1. Při rutinní kontrole parkovací... drogy 1
2. Britský vědec Michael Yeadon o... Pouze pro osoby neočkované proti koronaviru. 0
3. Televize Nova představila minu... Ondřej Sokol 1
4. Elektrokola jsou v současnosti... Harley-Davidson 0
5. Jak se jmenuje fotbalový klub,... Paris St. Germain (PSG) 1
6. V následujících otázkách se po... lilek 1
7. Jak se jmenuje italský dezert... affogato 0
8. Obě nejzákladnější pizzy, tedy... Neapol 0
9. Na severu Itálie se v kuchyni... polenta 1
10. Uveďte název pečiva, které vid... focaccia 1